The Eras Tour Setlist - 2023 - Statistics

General Stats
  • This quiz has been taken 604 times
    250 since last reset
  • The average score is 41 of 47
Answer Stats
Act # Answer % Correct
Lover 5 Lover
99%
Fearless 7 Fearless
97%
Lover 1 Miss Americana &The Heartbreak Prince
97%
Lover 6 The Archer
97%
Fearless 9 Love Story
96%
Lover 3 The Man
96%
Fearless 8 You Belong With Me
96%
Speak Now 19 Enchanted
95%
evermore 11 willow
95%
Lover 4 You Need to Calm Down
95%
Lover 2 Cruel Summer
94%
Reputation 18 Look What You Made Me Do
94%
Red 21 22
93%
Red 24 All Too Well (10 Minute Version)
93%
Reputation 15 ...Ready for It?
93%
1989 34 Blank Space
92%
Reputation 16 Delicate
92%
Reputation 17 Don't Blame Me
92%
Red 23 I Knew You Were Trouble
92%
Red 22 We Are Never Ever Getting Back Together
92%
Speak Now 20 Long Live
91%
1989 35 Shake It Off
91%
folklore 27 betty
90%
Midnights 44 Karma
90%
evermore 12 marjorie
90%
folklore 29 august
89%
folklore 32 cardigan
89%
1989 33 Style
89%
Midnights 39 Anti-Hero
88%
evermore 13 champagne problems
88%
Midnights 38 Lavender Haze
88%
folklore 26* the 1
88%
evermore 14 tolerate it
87%
1989 37 Bad Blood
86%
1989 36 Wildest Dreams
86%
Midnights 43 Mastermind
85%
Midnights 42 Bejeweled
84%
folklore 30 illicit affairs
84%
Midnights 40 Midnight Rain
84%
Midnights 41 Vigilante Shit
84%
folklore 31 my tears ricochet
83%
folklore 28 the last great american dynasty
82%
evermore 10* tis the damn season
77%
evermore 10* no body, no crime
75%
folklore 26* invisible string
70%
folklore 25 seven (spoken interlude)
59%
Red * Nothing New (feat. Phoebe Bridgers)
49%
No matching quizzes found
Score Distribution
Percent of People with Each Score
Percentile by Number Answered
Your Score History
You have not taken this quiz since the last reset